000 00306nam a22001457a 4500
003 SGT
082 _a616.024
_bH07P
100 _aPRABHU ,S.R.
245 _aHIV/AIDS IN DENTAL PRACTICE
260 _aINDIA
_bDCI
_c2007
300 _a298
650 _aHOMOEOPATHIC
653 _aHIV, AIDS
942 _2ddc
_cBK
999 _c18190
_d18190